header

Head of all years (Record no. 111105)

MARC details
000 -LEADER
fixed length control field 01667nam a2200397 a 4500
082 04 - DEWEY DECIMAL CLASSIFICATION NUMBER
Classification number 529/.326
100 1# - MAIN ENTRY--AUTHOR NAME
Personal name Ben-Dov, Jonathan.
245 10 - TITLE STATEMENT
Title Head of all years
260 ## - PUBLICATION, DISTRIBUTION, ETC. (IMPRINT)
Place of publication Leiden ;
-- Boston :
Name of publisher Brill,
Year of publication 2008.
300 ## - PHYSICAL DESCRIPTION
Number of Pages xx, 331 p. :
Other physical details ill.
490 1# - SERIES STATEMENT
Series statement Studies on the texts of the desert of Judah,
650 #0 - SUBJECT ADDED ENTRY--TOPICAL TERM
Topical Term Jewish calendar
Topical Term Jewish astronomy.
Topical Term Apocryphal books (Old Testament)
856 40 - ELECTRONIC LOCATION AND ACCESS
Uniform Resource Identifier http://site.ebrary.com/lib/rucke/Doc?id=10363857

No items available.

© 2026 Rongo University
Contact us: librarian | system librarian | Rongo university